Normal view
MARC view
Entry Personal Name
001 - CONTROL NUMBER
- control field: 29309
003 - CONTROL NUMBER IDENTIFIER
- control field: OSt
005 - DATE AND TIME OF LATEST TRANSACTION
- control field: 20260408152915.0
008 - FIXED-LENGTH DATA ELEMENTS
- fixed length control field: 260408|| aca||aabn | a|a d
040 ## - CATALOGING SOURCE
- Original cataloging agency: OSt
- Transcribing agency: OSt
100 ## - HEADING--PERSONAL NAME
- Personal name: মুহাম্মদ আবু সুফিয়ান
670 ## - SOURCE DATA FOUND
- Source citation: Work cat.: (OSt): মুহাম্মদ আবু সুফিয়ান, আল্লামা ইকবাল মননে সমুজ্জ্বল, 1st Published, 2021
